| 000 | 00701nam a22002650a 4500 | ||
|---|---|---|---|
| 001 | PT1151 | ||
| 003 | AR-LpoUNG | ||
| 005 | 20210131233236.0 | ||
| 008 | 191001s1993||||ag |||||||||||||||||spa d | ||
| 040 |
_aAR-LpoUNG _bspa _cAR-LpoUNG _eaacr |
||
| 041 | _aspa | ||
| 044 | _aag | ||
| 082 | 0 | _aR413 545 | |
| 100 | 1 | _aSeco, Manuel | |
| 245 | 1 | 0 | _aDiccionario de dudas y dificultades de la lengua española |
| 250 | _a1ra. ed. | ||
| 260 |
_aBuenos Aires : _bEspasa Calpe, _c1993. |
||
| 300 |
_a545 p. : _bgráfs. |
||
| 650 | 4 | _aDICCIONARIOS | |
| 650 | 4 | _aLEXICOGRAFIA | |
| 650 | 4 | _aMATERIAL DE REFERENCIA | |
| 651 | 4 | _aDOCUMENTOS TEORICOS O METODOLOGICOS | |
| 905 | _a1151 | ||
| 942 | _cLSALA | ||
| 999 |
_c19795 _d19795 |
||